[Event "Budapest FS09 IM-A"]
[Site "Budapest"]
[Date "1999.09.09"]
[Round "6"]
[White "Belotelov, Denis"]
[Black "Johnsen, Sverre"]
[Result "1/2-1/2"]
[WhiteElo "2267"]
[BlackElo "2211"]
[PlyCount "87"]
[EventDate "1999.09.05"]
[EventType "tourn"]
[EventRounds "12"]
[EventCountry "HUN"]
[EventCategory "3"]
[SourceTitle "EXT 2000"]
[Source "ChessBase"]
[SourceDate "1999.11.16"]
[SourceVersion "1"]
[SourceVersionDate "1999.11.16"]
[SourceQuality "1"]

1. Nf3 d5 2. b4 Nf6 3. Bb2 g6 4. e3 Bg7 5. c4 0-0 6. d4 c6 7. Nbd2 a5 8. a3 Bf5 9. Be2 Ne4 10. 0-0 axb4 11. axb4 Rxa1 12. Qxa1 Na6 13. Qa3 Nc7 14. c5 Bg4 15. Bd3 Bxf3 16. Nxf3 f5 17. Qb3 Qd7 18. Ra1 Ra8 19. Rxa8+ Nxa8 20. Ne5 Bxe5 21. dxe5 e6 22. h4 b5 23. Qa2 Nc7 24. Bd4 Qd8 25. g3 Qa8 26. Qb2 g5 27. hxg5 Nxg5 28. Kg2 Qe8 29. Be2 Qa8 30. Bd1 Ne8 31. g4 Ng7 32. Qe2 Qe8 33. Bc2 Qf7 34. Bd3 Ne4 35. f3 Ng5 36. Qf2 fxg4 37. fxg4 Ne4 38. Qxf7+ Kxf7 39. Bxe4 dxe4 40. Kg3 h5 41. gxh5 Nxh5+ 42. Kg4 Kg6 43. Bc3 Kh6 44. Be1 1/2-1/2

[Event "Budapest FS09 IM-A"]
[Site "Budapest"]
[Date "1999.09.08"]
[Round "5"]
[White "Soln, Primoz"]
[Black "Belotelov, Denis"]
[Result "1-0"]
[WhiteElo "2411"]
[BlackElo "2267"]
[PlyCount "45"]
[EventDate "1999.09.05"]
[EventType "tourn"]
[EventRounds "12"]
[EventCountry "HUN"]
[EventCategory "3"]
[SourceTitle "EXT 2000"]
[Source "ChessBase"]
[SourceDate "1999.11.16"]
[SourceVersion "1"]
[SourceVersionDate "1999.11.16"]
[SourceQuality "1"]

1. d4 g6 2. c4 Bg7 3. e4 d6 4. Nc3 e5 5. d5 f5 6. exf5 gxf5 7. Qh5+ Kf8 8. f4 e4 9. g4 Nf6 10. Qh4 fxg4 11. Nge2 Qe8 12. Bg2 Na6 13. f5 Nc5 14. 0-0 e3 15. Nd1 Nd3 16. Bxe3 Ne5 17. Nd4 Qh5 18. Qg3 Rg8 19. Kh1 Bd7 20. c5 Ke7 21. Bf4 Ne8 22. Ne6 Bf6 23. Nxc7 1-0

[Event "Budapest FS09 IM-A"]
[Site "Budapest"]
[Date "1999.09.06"]
[Round "3"]
[White "Resika, Nathan A"]
[Black "Belotelov, Denis"]
[Result "1-0"]
[WhiteElo "2251"]
[BlackElo "2267"]
[PlyCount "104"]
[EventDate "1999.09.05"]
[EventType "tourn"]
[EventRounds "12"]
[EventCountry "HUN"]
[EventCategory "3"]
[SourceTitle "EXT 2000"]
[Source "ChessBase"]
[SourceDate "1999.11.16"]
[SourceVersion "1"]
[SourceVersionDate "1999.11.16"]
[SourceQuality "1"]

1. e4 g6 2. d4 Bg7 3. Nc3 d6 4. Be3 a6 5. Qd2 b5 6. a4 b4 7. Nd1 a5 8. c3 bxc3 9. bxc3 Nf6 10. f3 0-0 11. h4 e5 12. Bh6 Re8 13. Bxg7 Kxg7 14. Bd3 d5 15. Nf2 exd4 16. Ne2 c5 17. cxd4 dxe4 18. Bxe4 Ba6 19. dxc5 Nc6 20. Rd1 Qxd2+ 21. Rxd2 Nxe4 22. fxe4 Re5 23. 0-0 f5 24. Rd7+ Ne7 25. Re1 Kf8 26. Nd4 Ke8 27. c6 Rd8 28. Nf3 Re6 29. Ra7 Bc8 30. Ng5 Rxc6 31. exf5 Rd7 32. Rxa5 h6 33. Ne6 Kf7 34. fxg6+ Nxg6 35. h5 Ne7 36. Nf4 Rc4 37. N2d3 Kg8 38. Ra8 Rb7 39. a5 Kg7 40. a6 Rbc7 41. Rxc8 Nxc8 42. Ne6+ Kf6 43. Nxc7 Rxc7 44. Rc1 Rxc1+ 45. Nxc1 Kg5 46. Kf2 Kxh5 47. Kf3 Kg5 48. Ke4 Kf6 49. Kd5 Ke7 50. Kc6 Kd8 51. Ne2 Na7+ 52. Kb7 Nb5 1-0

[Event "Budapest FS09 IM-A"]
[Site "Budapest"]
[Date "1999.09.05"]
[Round "2"]
[White "Belotelov, Denis"]
[Black "Kahn, Evarth"]
[Result "1-0"]
[WhiteElo "2267"]
[BlackElo "2305"]
[PlyCount "120"]
[EventDate "1999.09.05"]
[EventType "tourn"]
[EventRounds "12"]
[EventCountry "HUN"]
[EventCategory "3"]
[SourceTitle "EXT 2000"]
[Source "ChessBase"]
[SourceDate "1999.11.16"]
[SourceVersion "1"]
[SourceVersionDate "1999.11.16"]
[SourceQuality "1"]

1. c4 Nf6 2. Nc3 g6 3. d4 Bg7 4. e4 d6 5. h3 0-0 6. Bg5 c5 7. d5 h6 8. Be3 e6 9. Nf3 exd5 10. cxd5 Re8 11. Nd2 b6 12. a4 Na6 13. Bb5 Re7 14. 0-0 Nb4 15. Re1 Ba6 16. Bxa6 Nxa6 17. Bf4 Nh5 18. Bh2 Be5 19. Nf3 Bxh2+ 20. Nxh2 Nf6 21. f4 Nb4 22. e5 Nh5 23. Ng4 Nxf4 24. Nxh6+ Kh7 25. Qg4 Rxe5 26. Qxf4 Nd3 27. Qxf7+ Kxh6 28. Rxe5 Nxe5 29. Qf4+ Kg7 30. Rf1 Qe7 31. Ne4 Rf8 32. Qxf8+ Qxf8 33. Rxf8 Kxf8 34. Nxd6 Ke7 35. Nc8+ Kd7 36. Nxa7 Nc4 37. b3 Nd2 38. Nb5 Nxb3 39. Kf2 Nd2 40. Ke3 Nc4+ 41. Kf4 Ke7 42. h4 Nb2 43. Nc3 Nd3+ 44. Ke4 Nf2+ 45. Kf3 Nd3 46. g4 Kf6 47. Ne4+ Ke5 48. d6 Ke6 49. h5 gxh5 50. gxh5 Kf5 51. h6 Ne5+ 52. Ke2 Kg6 53. Nxc5 Kxh6 54. d7 Nc6 55. Nb7 Kg7 56. d8Q Nxd8 57. Nxd8 Kf6 58. Nc6 Ke6 59. Nd4+ Kd5 60. Kd3 Kc5 1-0

[Event "Budapest Spring op 15th"]
[Site "Budapest"]
[Date "1999.03.19"]
[Round "3"]
[White "Bu, Xiangzhi"]
[Black "Belotelov, Denis"]
[Result "1-0"]
[WhiteElo "2365"]
[BlackElo "2262"]
[PlyCount "73"]
[EventDate "1999.03.??"]
[EventType "swiss"]
[EventRounds "9"]
[EventCountry "HUN"]
[SourceTitle "EXT 2000"]
[Source "ChessBase"]
[SourceDate "1999.11.16"]
[SourceVersion "1"]
[SourceVersionDate "1999.11.16"]
[SourceQuality "1"]

1. d4 g6 2. c4 Bg7 3. Nc3 c5 4. e3 Nf6 5. Nge2 0-0 6. g3 d5 7. cxd5 Nxd5 8. Bg2 Nb4 9. 0-0 N8c6 10. d5 Ne5 11. f4 Ned3 12. a3 Nxc1 13. Rxc1 Na6 14. e4 c4 15. e5 Bf5 16. Ne4 Rc8 17. N2c3 f6 18. d6 fxe5 19. g4 Bxe4 20. Nxe4 Kh8 21. Qd5 Nc7 22. Qxb7 exd6 23. fxe5 Bxe5 24. Rxf8+ Qxf8 25. Rf1 Qd8 26. Ng5 Qd7 27. h3 Re8 28. Rf7 Bd4+ 29. Kf1 Re7 30. Rf8+ Kg7 31. Bc6 Re1+ 32. Kg2 Re2+ 33. Kg3 Re3+ 34. Kh4 Rd3 35. Bxd7 Kxf8 36. Ne4 Kg7 37. Qxc7 1-0

[Event "Budapest Spring op 15th"]
[Site "Budapest"]
[Date "1999.03.17"]
[Round "1"]
[White "Dlauchy, Peter"]
[Black "Belotelov, Denis"]
[Result "0-1"]
[WhiteElo "2055"]
[BlackElo "2262"]
[PlyCount "66"]
[EventDate "1999.03.??"]
[EventType "swiss"]
[EventRounds "9"]
[EventCountry "HUN"]
[SourceTitle "EXT 2000"]
[Source "ChessBase"]
[SourceDate "1999.11.16"]
[SourceVersion "1"]
[SourceVersionDate "1999.11.16"]
[SourceQuality "1"]

1. e4 g6 2. d4 Bg7 3. Nc3 d6 4. Be3 a6 5. a4 Nf6 6. h3 0-0 7. Nf3 b6 8. Bd3 Bb7 9. 0-0 Nbd7 10. Qd2 c5 11. d5 Ne8 12. Bh6 Ne5 13. Nxe5 dxe5 14. Bxg7 Kxg7 15. f4 Qc7 16. f5 Nd6 17. Qf2 f6 18. h4 c4 19. Be2 gxf5 20. exf5 Rac8 21. Bf3 Qc5 22. Qxc5 Rxc5 23. g4 h5 24. Kh2 hxg4 25. Rg1 Rh8 26. Rxg4+ Kf8 27. Rag1 Nxf5 28. Be4 Nd6 29. Bg6 Bc8 30. R4g3 Rxh4+ 31. Kg2 Bb7 32. Kf2 Bxd5 33. Nxd5 Rxd5 0-1